Hướng dẫn kỹ thuật chăn nuôi gà công nghiệp

Salvato in:
Dettagli Bibliografici
Autore principale: Lê Hồng Mận
Natura: Libro
Lingua:Undetermined
Pubblicazione: H. LĐXH 2003
Soggetti:
Tags: Aggiungi Tag
Nessun Tag, puoi essere il primo ad aggiungerne! !
Thư viện lưu trữ: Trung tâm Học liệu Trường Đại học Cần Thơ
LEADER 00537nam a2200193Ia 4500
001 CTU_58586
008 210402s9999 xx 000 0 und d
020 |b 16000 
082 |a 636.5 
082 |b M121 
100 |a Lê Hồng Mận 
245 0 |a Hướng dẫn kỹ thuật chăn nuôi gà công nghiệp 
245 0 |c Lê Hồng Mận 
260 |a H. 
260 |b LĐXH 
260 |c 2003 
650 |a animal husbandry,poultry 
904 |i Minh 
980 |a Trung tâm Học liệu Trường Đại học Cần Thơ